[Event "e2e4.org.uk Bedford U2000"]
[Site "Park Inn Hotel, Bedford, Engla"]
[Date "2013.09.21"]
[Round "2"]
[White "Ai, Farshad"]
[Black "Valerio, Giuseppe"]
[Result "1-0"]
[WhiteElo "1908"]
[BlackElo "1848"]
[PlyCount "99"]
[EventDate "2013.??.??"]

1. c4 d6 2. g3 e5 3. Bg2 Nf6 4. Nc3 Be7 5. d3 O-O 6. Nf3 h6 7. O-O Nc6 8. a3 a5
9. Rb1 Be6 10. h3 Re8 11. e4 Bf8 12. Kh2 Qd7 13. Nd5 Bxd5 14. cxd5 Ne7 15. Be3
c6 16. dxc6 Nxc6 17. Nd2 d5 18. f4 dxe4 19. dxe4 Rad8 20. f5 Qd3 21. Re1 Rd7
22. Rc1 Red8 23. Rc3 Qb5 24. Qc1 Nd4 25. Bf1 Qb6 26. Nc4 Qc7 27. Bg2 b5 28. Nd2
Qb8 29. Bxd4 exd4 30. Rd3 Bd6 31. Qd1 Be5 32. Nb3 h5 33. Re2 h4 34. Nxa5 Qb6
35. b4 Nh5 36. Rc2 Nxg3 37. Kg1 Rc7 38. Nb3 Rxc2 39. Qxc2 Rd7 40. Qc5 Qxc5 41.
Nxc5 Rc7 42. Kf2 Nh5 43. Rd1 Nf4 44. Bf1 Ra7 45. Nd3 Nxd3+ 46. Rxd3 f6 47. Rb3
Rc7 48. Bxb5 Rc2+ 49. Kf3 Ra2 50. a4 {Time} 1-0

[Event "e2e4.org.uk Bedford U2000"]
[Site "Park Inn Hotel, Bedford, Engla"]
[Date "2013.09.21"]
[Round "2"]
[White "O Gorman, Brendan"]
[Black "Potter, Karl H"]
[Result "1-0"]
[WhiteElo "1798"]
[BlackElo "1900"]
[PlyCount "59"]
[EventDate "2013.??.??"]

1. c4 e6 2. Nf3 d5 3. g3 c6 4. Qc2 Nf6 5. Bg2 Nbd7 6. d4 Be7 7. O-O O-O 8. Nbd2
b6 9. e4 Nxe4 10. Nxe4 dxe4 11. Qxe4 Bb7 12. Rd1 Nf6 13. Qc2 Qc7 14. Bf4 Bd6
15. Bxd6 Qxd6 16. Ne5 Rac8 17. Rac1 Qc7 18. b4 c5 19. Bxb7 Qxb7 20. dxc5 bxc5
21. b5 Rfd8 22. Nc6 Rd7 23. Rxd7 Qxd7 24. Rd1 Qc7 25. Qd3 g6 26. Qe3 Kg7 27.
Qxc5 Ne8 28. Qd4+ Nf6 29. Rd3 Qb6 30. Nxa7 1-0

[Event "e2e4.org.uk Bedford U2000"]
[Site "Park Inn Hotel, Bedford, Engla"]
[Date "2013.09.21"]
[Round "2"]
[White "Keen, Cosima C"]
[Black "Sagues, Vincent"]
[Result "0-1"]
[WhiteElo "1744"]
[BlackElo "1893"]
[PlyCount "72"]
[EventDate "2013.??.??"]

1. d4 Nf6 2. Nf3 g6 3. Bf4 Bg7 4. e3 O-O 5. c4 d5 6. h3 c5 7. Qb3 Nc6 8. dxc5
Qa5+ 9. Nbd2 Qxc5 10. Be2 dxc4 11. Bxc4 Na5 12. Qb5 Qxb5 13. Bxb5 a6 14. Be2
Nc6 15. Nc4 Nd7 16. Rd1 b5 17. Ncd2 Bxb2 18. O-O Bg7 19. Nb3 Nde5 20. Rc1 Be6
21. Nc5 Bc4 22. Nxe5 Nxe5 23. Bxe5 Bxe2 24. Bxg7 Kxg7 25. Rfe1 Bc4 26. a4 Rfd8
27. Red1 Rxd1+ 28. Rxd1 Rc8 29. Nb7 bxa4 30. Ra1 Bb5 31. e4 Rc3 32. Na5 Kf6 33.
f3 Ke5 34. Rd1 a3 35. Ra1 Kd6 36. Kf2 Kc7 0-1

[Event "e2e4.org.uk Bedford U2000"]
[Site "Park Inn Hotel, Bedford, Engla"]
[Date "2013.09.21"]
[Round "2"]
[White "Shah, Dipak K"]
[Black "Torrance, John"]
[Result "1-0"]
[WhiteElo "1892"]
[BlackElo "1666"]
[PlyCount "71"]
[EventDate "2013.??.??"]

1. e4 c5 2. Nf3 a6 3. d4 cxd4 4. Nxd4 Nf6 5. Nc3 e5 6. Nf3 Qc7 7. Bd3 Bb4 8.
Bd2 O-O 9. O-O d6 10. h3 Nc6 11. a3 Bxc3 12. Bxc3 b5 13. Nh2 Rb8 14. Bd2 h6 15.
f4 b4 16. fxe5 dxe5 17. Bxh6 Qe7 18. Bg5 Qc5+ 19. Kh1 Nh7 20. Bd2 bxa3 21. bxa3
a5 22. Qe1 Be6 23. Qg3 Nd4 24. Bh6 g6 25. Bxf8 Nxf8 26. Qf2 Nd7 27. Nf3 Qc3 28.
Ng5 f6 29. Nf3 Nxf3 30. Qxf3 Kg7 31. a4 Qd4 32. Bb5 Rf8 33. Rad1 Qa7 34. Rd6
Nc5 35. Qe3 Qc7 36. Rc6 1-0

[Event "e2e4.org.uk Bedford U2000"]
[Site "Park Inn Hotel, Bedford, Engla"]
[Date "2013.09.21"]
[Round "2"]
[White "Price, Andrew"]
[Black "Hjort, Helge"]
[Result "1-0"]
[WhiteElo "1851"]
[BlackElo "1991"]
[PlyCount "75"]
[EventDate "2013.??.??"]

1. d4 Nf6 2. Nf3 e6 3. Bg5 Be7 4. e3 b6 5. Bd3 Bb7 6. Nbd2 d5 7. Ne5 Nbd7 8.
Bb5 O-O 9. Bc6 Nxe5 10. Bxb7 Rb8 11. dxe5 Rxb7 12. exf6 Bxf6 13. Bxf6 Qxf6 14.
c3 c5 15. O-O b5 16. Nf3 Rd8 17. Qc2 e5 18. Rfd1 e4 19. Nd2 Qe7 20. a4 a6 21.
axb5 axb5 22. Ra5 f5 23. Rda1 g5 24. Ra8 Rxa8 25. Rxa8+ Kg7 26. c4 bxc4 27.
Qc3+ Kh6 28. Ra6+ Kh5 29. Nf1 f4 30. exf4 gxf4 31. Qh3+ Kg5 32. Qh6+ Kf5 33.
Qh5+ Qg5 34. Qh3+ Qg4 35. Rf6+ Kxf6 36. Qxg4 Rxb2 37. Qxf4+ Ke6 38. Qh6+ 1-0

[Event "e2e4.org.uk Bedford U2000"]
[Site "Park Inn Hotel, Bedford, Engla"]
[Date "2013.09.21"]
[Round "2"]
[White "Wood, Peter R"]
[Black "Farthing, Andrew P"]
[Result "1-0"]
[WhiteElo "1982"]
[BlackElo "1792"]
[PlyCount "25"]
[EventDate "2013.??.??"]

1. e4 g6 2. Nc3 Bg7 3. g3 d6 4. d3 Nf6 5. Bg2 O-O 6. f4 Nc6 7. Nf3 e6 8. O-O
Ne8 9. Be3 Bd7 10. Qd2 a6 11. Nh4 Rb8 12. f5 Ne5 13. h3 1-0

[Event "e2e4.org.uk Bedford U2000"]
[Site "Park Inn Hotel, Bedford, Engla"]
[Date "2013.09.21"]
[Round "2"]
[White "McMahon, Paul"]
[Black "Mitchell, Robert"]
[Result "1-0"]
[WhiteElo "1981"]
[BlackElo "1784"]
[PlyCount "53"]
[EventDate "2013.??.??"]

1. Nc3 g6 2. d4 Bg7 3. e4 d6 4. Nf3 Nf6 5. Be2 O-O 6. Be3 c6 7. Qd2 Qc7 8. Bh6
e5 9. Bxg7 Kxg7 10. dxe5 dxe5 11. O-O-O Bg4 12. h3 Bxf3 13. Bxf3 Na6 14. h4 Nc5
15. h5 Rad8 16. Qe3 b6 17. g4 Rxd1+ 18. Bxd1 Ne6 19. hxg6 fxg6 20. Qh6+ Kg8 21.
g5 Ne8 22. Bg4 Nf4 23. Ne2 Nxe2+ 24. Bxe2 Qg7 25. Bc4+ Kh8 26. Rd1 Qe7 27. Rd7
1-0

[Event "e2e4.org.uk Bedford U2000"]
[Site "Park Inn Hotel, Bedford, Engla"]
[Date "2013.09.21"]
[Round "2"]
[White "Levy, Christopher A"]
[Black "Bowman, Richard L"]
[Result "0-1"]
[WhiteElo "1768"]
[BlackElo "1968"]
[PlyCount "106"]
[EventDate "2013.??.??"]

1. d4 Nf6 2. Nf3 g6 3. Bf4 Bg7 4. e3 c5 5. c3 cxd4 6. cxd4 Qa5+ 7. Qd2 Qb6 8.
Bd3 d6 9. Nc3 Nc6 10. h3 O-O 11. O-O Bd7 12. Rfc1 Nb4 13. Bf1 Bc6 14. Ne1 Rac8
15. Nd3 Nbd5 16. Bh2 Qd8 17. Rab1 Qd7 18. b4 Nxc3 19. Qxc3 Ne4 20. Qe1 Qf5 21.
Be2 Ng5 22. Nf4 e5 23. Bd3 Nxh3+ 24. Nxh3 Qxd3 25. b5 Bd7 26. Rd1 Qa3 27. Ng5
h6 28. Ne4 exd4 29. Bxd6 Qxa2 30. Bxf8 Kxf8 31. Qb4+ Kg8 32. Qb3 Qe2 33. Ng3
Qg4 34. exd4 Bxd4 35. Qd5 Bxf2+ 36. Kxf2 Rc2+ 37. Rd2 Qf4+ 38. Ke1 Qxg3+ 39.
Kd1 Rxd2+ 40. Qxd2 Bg4+ 41. Kc1 Qc7+ 42. Kb2 Qe5+ 43. Ka3 Qc5+ 44. Rb4 Kh7 45.
Qd4 Qc1+ 46. Qb2 Qe3+ 47. Qb3 Qe7 48. Kb2 Bf5 49. Qc4 Qe5+ 50. Kc1 Qe1+ 51. Kb2
Qd2+ 52. Ka3 Be6 53. Rb2 Qxb2+ 0-1

[Event "e2e4.org.uk Bedford U2000"]
[Site "Park Inn Hotel, Bedford, Engla"]
[Date "2013.09.21"]
[Round "2"]
[White "Valentine, Brian J"]
[Black "Radford, Mark SR"]
[Result "1/2-1/2"]
[WhiteElo "1941"]
[BlackElo "1752"]
[PlyCount "54"]
[EventDate "2013.??.??"]

1. e4 c5 2. Nf3 e6 3. d4 cxd4 4. Nxd4 Nf6 5. Nc3 d6 6. Be2 a6 7. O-O Be7 8. Be3
O-O 9. f4 Qc7 10. Bf3 Re8 11. Qe1 Bf8 12. Qg3 e5 13. Nb3 Nbd7 14. Rad1 b5 15.
Rf2 Nb6 16. Bc1 Bb7 17. Na5 Bc8 18. Nb3 Nc4 19. Nd5 Nxd5 20. exd5 e4 21. Be2 f5
22. Bxc4 Qxc4 23. Qe3 Be7 24. Qd4 Qc7 25. c3 Bf6 26. Qe3 Bd7 27. Qe2 Rac8
1/2-1/2

[Event "e2e4.org.uk Bedford U2000"]
[Site "Park Inn Hotel, Bedford, Engla"]
[Date "2013.09.21"]
[Round "2"]
[White "Jacob, Sydney J"]
[Black "Cavendish, Joshua Z"]
[Result "1-0"]
[WhiteElo "1904"]
[BlackElo "1683"]
[PlyCount "103"]
[EventDate "2013.??.??"]

1. d4 f5 2. Nf3 Nf6 3. Bg5 e6 4. Nbd2 Be7 5. Bxf6 Bxf6 6. e4 fxe4 7. Nxe4 b6 8.
Bd3 Bb7 9. Qe2 O-O 10. O-O-O c5 11. c3 cxd4 12. cxd4 Bd5 13. Kb1 Nc6 14. Nxf6+
Qxf6 15. Be4 Nb4 16. a3 Bxe4+ 17. Qxe4 Nd5 18. Rd2 Rac8 19. Rc1 Rxc1+ 20. Kxc1
Rc8+ 21. Rc2 Rxc2+ 22. Qxc2 d6 23. Qe4 h6 24. Kd2 Kf7 25. g3 Qe7 26. Nh4 Nf6
27. Qg6+ Kg8 28. f4 Qb7 29. Qd3 Qc6 30. Qc2 Qd5 31. Qc8+ Kh7 32. Qc2+ Kg8 33.
Qd3 Qa2 34. Kc2 Qd5 35. f5 exf5 36. Nxf5 Qg2+ 37. Kb3 Qd5+ 38. Qc4 Qxc4+ 39.
Kxc4 d5+ 40. Kb5 g6 41. Nd6 Ng4 42. Ka6 Nxh2 43. Kxa7 Nf1 44. Kxb6 Nxg3 45. Nb5
h5 46. a4 Ne4 47. a5 h4 48. a6 h3 49. a7 h2 50. a8=Q+ Kg7 51. Qa7+ Kf6 52. Qh7
1-0

[Event "e2e4.org.uk Bedford U2000"]
[Site "Park Inn Hotel, Bedford, Engla"]
[Date "2013.09.21"]
[Round "2"]
[White "Homer, Neil S"]
[Black "Sloan, Cecil"]
[Result "1/2-1/2"]
[WhiteElo "1616"]
[BlackElo "1690"]
[PlyCount "39"]
[EventDate "2013.??.??"]

1. Nf3 c5 2. c4 g6 3. d4 cxd4 4. Nxd4 Nc6 5. e4 Nf6 6. Nc3 Nxd4 7. Qxd4 d6 8.
Be2 Bg7 9. Be3 O-O 10. Qd2 Be6 11. O-O Rc8 12. b3 b6 13. f3 Nd7 14. Rac1 Nc5
15. Nd5 Qd7 16. Bd4 f6 17. Rfd1 Bf7 18. Kh1 Rfd8 19. Qe3 Qe8 20. Qf2 1/2-1/2

[Event "e2e4.org.uk Bedford U2000"]
[Site "Park Inn Hotel, Bedford, Engla"]
[Date "2013.09.21"]
[Round "2"]
[White "Somton, Anita"]
[Black "Panzhina, Jekaterina"]
[Result "0-1"]
[WhiteElo "1472"]
[BlackElo "1866"]
[PlyCount "152"]
[EventDate "2013.??.??"]

1. d4 d5 2. c4 e6 3. Nc3 Nf6 4. Nf3 Be7 5. Bf4 c6 6. h3 Nbd7 7. e3 Bb4 8. Qb3
Bxc3+ 9. Qxc3 dxc4 10. Bxc4 Nd5 11. Bxd5 exd5 12. O-O O-O 13. Qd3 h6 14. Rac1
Nf6 15. Ne5 Nh5 16. Bh2 g6 17. Kh1 Ng7 18. f4 Bf5 19. Qe2 Be4 20. Kg1 f6 21.
Nf3 Bxf3 22. Qxf3 f5 23. g4 Qe7 24. Rc3 Rfe8 25. Kh1 Qe4 26. Qxe4 Rxe4 27. Rg1
Kf7 28. Kg2 Rae8 29. Kf3 h5 30. gxh5 Nxh5 31. Rg5 Nf6 32. Bg1 Rh8 33. Rg3 Re7
34. Rb3 Ne4 35. Rg2 Rxh3+ 36. Ke2 Nd6 37. a4 Nc4 38. Rh2 Rxh2+ 39. Bxh2 a6 40.
Bg3 b5 41. axb5 axb5 42. Bh4 Ra7 43. Kd3 Ra8 44. Bg5 Rh8 45. Kc3 Ke6 46. Kb4
Rh2 47. Kc5 Kd7 48. Kb4 Rxb2 49. Rxb2 Nxb2 50. Kb3 Nc4 51. Kc3 Nxe3 52. Bh4 Nc4
53. Kb4 Nd6 54. Kc5 Ne4+ 55. Kb4 Kd6 56. Bd8 Ng3 57. Kc3 Ne2+ 58. Kd2 Nxd4 59.
Kd3 Ne6 60. Bg5 Nxg5 61. fxg5 c5 62. Kc3 d4+ 63. Kd3 Kd5 64. Kc2 f4 65. Kd2 b4
66. Kd3 c4+ 67. Kd2 b3 68. Kc1 c3 69. Kd1 d3 70. Kc1 d2+ 71. Kd1 Ke4 72. Ke2 b2
73. Kf2 d1=Q 74. Kg2 Qf3+ 75. Kh2 Qg3+ 76. Kh1 b1=Q# 0-1

[Event "e2e4.org.uk Bedford U2000"]
[Site "Park Inn Hotel, Bedford, Engla"]
[Date "2013.09.21"]
[Round "2"]
[White "Gardner, James"]
[Black "Holton, Jake"]
[Result "1-0"]
[WhiteElo "1856"]
[BlackElo "1404"]
[PlyCount "49"]
[EventDate "2013.??.??"]

1. d4 d5 2. c4 e6 3. Nc3 Nf6 4. cxd5 exd5 5. Bg5 Bb4 6. Qa4+ Nc6 7. e3 O-O 8.
Bd3 Re8 9. Nge2 Bd7 10. Qc2 h6 11. Bh4 g5 12. Bg3 Ne4 13. O-O Bxc3 14. bxc3 Bf5
15. f3 Nxg3 16. Nxg3 Bxd3 17. Qxd3 Na5 18. Nf5 Re6 19. Rae1 c6 20. e4 Qd7 21.
e5 Nc4 22. f4 g4 23. Ng3 Rae8 24. f5 Nxe5 25. fxe6 1-0

[Event "e2e4.org.uk Bedford U2000"]
[Site "Park Inn Hotel, Bedford, Engla"]
[Date "2013.09.21"]
[Round "2"]
[White "Kennedy, Craig"]
[Black "Mumford, Robert"]
[Result "0-1"]
[WhiteElo "1922"]
[BlackElo "1562"]
[PlyCount "54"]
[EventDate "2013.??.??"]

1. d4 d5 2. Bg5 Nf6 3. Bxf6 gxf6 4. c4 e6 5. Nc3 Nc6 6. e3 dxc4 7. Bxc4 Qd6 8.
Nge2 Bd7 9. O-O O-O-O 10. a3 h5 11. b4 h4 12. Ne4 Qe7 13. Nc5 f5 14. Qa4 Qg5
15. f4 Qg6 16. Nxb7 Kxb7 17. Rac1 Nb8 18. Qa5 Bd6 19. Bb5 Rhg8 20. Rf2 c6 21.
Bd3 Rc8 22. Nc3 Bc7 23. Qa4 Bb6 24. Qb3 e5 25. fxe5 Be6 26. Qc2 Qg5 27. Qe2
Bxd4 0-1

[Event "e2e4.org.uk Bedford U2000"]
[Site "Park Inn Hotel, Bedford, Engla"]
[Date "2013.09.21"]
[Round "2"]
[White "Connolly, Marcus PA"]
[Black "Bennett, Dominic L"]
[Result "1/2-1/2"]
[WhiteElo "1800"]
[BlackElo "1988"]
[PlyCount "65"]
[EventDate "2013.??.??"]

1. f4 d5 2. Nf3 g6 3. e3 Bg7 4. d4 Nf6 5. Bd3 O-O 6. Nbd2 b6 7. Qe2 Bb7 8. O-O
c5 9. c3 a5 10. Ne5 Qc7 11. Qf3 Nbd7 12. Nxd7 Qxd7 13. h3 Ba6 14. Qe2 Qb7 15.
Bxa6 Qxa6 16. Qxa6 Rxa6 17. g4 Rc8 18. g5 Nh5 19. Kg2 a4 20. a3 b5 21. dxc5
Rxc5 22. Nf3 Rc4 23. Nd4 Bxd4 24. exd4 Re6 25. Bd2 Ng7 26. Rae1 Rcc6 27. Re5
Rxe5 28. fxe5 Nf5 29. Kf3 Kg7 30. Kg4 Re6 31. Rf2 Ra6 32. h4 Ra8 33. Bf4
1/2-1/2

[Event "e2e4.org.uk Bedford U2000"]
[Site "Park Inn Hotel, Bedford, Engla"]
[Date "2013.09.21"]
[Round "2"]
[White "Rawcliffe, Peter"]
[Black "Shaw, Meyrick"]
[Result "1/2-1/2"]
[WhiteElo "1776"]
[BlackElo "1906"]
[PlyCount "143"]
[EventDate "2013.??.??"]

1. e4 Nf6 2. e5 Nd5 3. d4 d6 4. c4 Nb6 5. Nf3 Nc6 6. exd6 cxd6 7. Nc3 g6 8. Be3
Bg7 9. Rc1 O-O 10. Be2 h6 11. Qd2 Kh7 12. d5 Nb8 13. O-O N8d7 14. Rfd1 Nf6 15.
b4 a5 16. b5 Nbd7 17. h3 a4 18. Qc2 Qa5 19. Bd2 Nc5 20. Ne4 Qb6 21. Nxc5 Qxc5
22. Bd3 e5 23. dxe6 Bxe6 24. Be3 Qc8 25. Nh4 Kg8 26. Bxg6 fxg6 27. Qxg6 Bf7 28.
Qf5 Be6 29. Qg6 Qe8 30. Rxd6 Qxg6 31. Nxg6 Rfe8 32. Nf4 Bf7 33. a3 Ne4 34. Rd7
Bb2 35. Rc2 Bxa3 36. Rxb7 Nd6 37. Rc7 Bb4 38. Nd3 Ba5 39. Rc6 Red8 40. Ne5 Nf5
41. Nxf7 Kxf7 42. Bxh6 Nxh6 43. Rxh6 Rd1+ 44. Kh2 a3 45. Ra6 Bc7+ 46. g3 Rxa6
47. bxa6 Rd8 48. Rc3 a2 49. Ra3 Rd2 50. Kg2 Bb6 51. h4 Rxf2+ 52. Kh3 Ba7 53. h5
Rc2 54. h6 Kg6 55. c5 Kxh6 56. c6 Kg5 57. Ra5+ Kf6 58. c7 Ke6 59. c8=Q+ Rxc8
60. Rxa2 Rg8 61. Rb2 Kf5 62. g4+ Kf4 63. Rb4+ Ke3 64. Rb3+ Kd4 65. Rb7 Ra8 66.
g5 Ke5 67. Kg4 Kd6 68. Kf5 Be3 69. Rf7 Bd4 70. a7 Bxa7 71. g6 Bd4 72. g7
1/2-1/2

[Event "e2e4.org.uk Bedford U2000"]
[Site "Park Inn Hotel, Bedford, Engla"]
[Date "2013.09.21"]
[Round "2"]
[White "Van Der Westhuizen, Charle"]
[Black "Wilson, Matthew R"]
[Result "0-1"]
[WhiteElo "1897"]
[BlackElo "1800"]
[PlyCount "54"]
[EventDate "2013.??.??"]

1. d4 f5 2. Nf3 e6 3. c4 Nf6 4. Nc3 Bb4 5. Bd2 O-O 6. e3 b6 7. Bd3 Bb7 8. Qc2
a5 9. a3 Bxc3 10. Bxc3 Ne4 11. O-O-O Na6 12. Kb1 d6 13. d5 Nac5 14. Nd4 exd5
15. f3 Nxc3+ 16. Qxc3 g6 17. h4 Qe7 18. h5 Nxd3 19. Rxd3 dxc4 20. Qxc4+ d5 21.
Qc3 g5 22. g4 fxg4 23. fxg4 Qe4 24. Nf5 Qxh1+ 25. Ka2 Rxf5 26. gxf5 Qe4 27. Rd4
Qe5 0-1

[Event "e2e4.org.uk Bedford U2000"]
[Site "Park Inn Hotel, Bedford, Engla"]
[Date "2013.09.21"]
[Round "2"]
[White "Nettleton, Charlie B"]
[Black "Watson, Darrell A"]
[Result "1-0"]
[WhiteElo "1885"]
[BlackElo "1725"]
[PlyCount "86"]
[EventDate "2013.??.??"]

1. e4 c5 2. Nf3 d6 3. d4 cxd4 4. Nxd4 Nf6 5. Nc3 a6 6. Be2 e5 7. Nb3 Be6 8. Bg5
Nbd7 9. a4 Be7 10. Nd2 h6 11. Be3 Rc8 12. O-O O-O 13. f4 exf4 14. Rxf4 Ne5 15.
Kh1 d5 16. Qg1 Bd6 17. exd5 Nxd5 18. Nxd5 Bxd5 19. Bd4 Qg5 20. Raf1 Qe7 21. c3
Ng6 22. R4f2 Nf4 23. Bg4 f5 24. Bf3 Bxf3 25. Rxf3 g5 26. Re3 Qf7 27. Rfe1 Qh5
28. Nf3 Rce8 29. Ne5 g4 30. Nd7 Rxe3 31. Rxe3 Nd5 32. Re6 Bc7 33. Nxf8 Kxf8 34.
c4 Nf4 35. Rf6+ Kg8 36. Qe3 g3 37. Qxg3+ Kh7 38. Rf8 Qd1+ 39. Bg1 Qxg1+ 40.
Kxg1 Ne2+ 41. Kf2 Bxg3+ 42. hxg3 Nd4 43. Rf7+ Kg6 1-0

[Event "e2e4.org.uk Bedford U2000"]
[Site "Park Inn Hotel, Bedford, Engla"]
[Date "2013.09.21"]
[Round "2"]
[White "Burrows, Nick"]
[Black "Ross, Stuart"]
[Result "1-0"]
[WhiteElo "1849"]
[BlackElo "1648"]
[PlyCount "65"]
[EventDate "2013.??.??"]

1. Nf3 Nf6 2. c4 e6 3. g3 b6 4. Bg2 Bb7 5. O-O Be7 6. Nc3 c5 7. d4 O-O 8. b3
cxd4 9. Qxd4 Nc6 10. Qf4 Qb8 11. Rd1 Rd8 12. Qxb8 Raxb8 13. Bf4 d6 14. Rd2 Nh5
15. Bg5 Bxg5 16. Nxg5 Ne7 17. Rad1 Bxg2 18. Kxg2 h6 19. Nf3 d5 20. cxd5 exd5
21. Nxd5 Nxd5 22. Rxd5 Rxd5 23. Rxd5 Nf6 24. Rd6 Rc8 25. Nd4 Kf8 26. Rc6 Rxc6
27. Nxc6 Nd5 28. Nxa7 Nc3 29. a4 Nxe2 30. Nc8 Nd4 31. b4 b5 32. a5 Nc6 33. a6
1-0

[Event "e2e4.org.uk Bedford U2000"]
[Site "Park Inn Hotel, Bedford, Engla"]
[Date "2013.09.21"]
[Round "2"]
[White "Nandi, Robin J"]
[Black "Lavelle, Terry"]
[Result "1-0"]
[WhiteElo "1832"]
[BlackElo "1583"]
[PlyCount "67"]
[EventDate "2013.??.??"]

1. e4 c5 2. Nf3 d6 3. d4 cxd4 4. Nxd4 Nf6 5. Nc3 a6 6. Be3 g6 7. f3 Nc6 8. Qd2
h5 9. Bc4 Na5 10. Bb3 Nxb3 11. axb3 Bg7 12. O-O-O Bd7 13. Rhe1 b5 14. Nd5 Nxd5
15. exd5 Qc7 16. Bg5 f6 17. Bf4 Bf8 18. Re2 O-O-O 19. Rde1 Re8 20. Kb1 Kb7 21.
h4 Qc5 22. Ne6 Bxe6 23. Rxe6 Rc8 24. Be3 Qc7 25. Re2 Rh7 26. Qd4 Qc5 27. Qd3
Qc7 28. Qxg6 Rg7 29. Qxh5 Qa5 30. Qf5 Rc7 31. Bh6 Rxg2 32. Rxg2 Bxh6 33. Rge2
Qb6 34. Rxe7 1-0

[Event "e2e4.org.uk Bedford U2000"]
[Site "Park Inn Hotel, Bedford, Engla"]
[Date "2013.09.21"]
[Round "2"]
[White "Pal, Tapan"]
[Black "Waters, Andrew C"]
[Result "1-0"]
[WhiteElo "1576"]
[BlackElo "1822"]
[PlyCount "59"]
[EventDate "2013.??.??"]

1. e4 Nf6 2. Nc3 e5 3. Nf3 Nc6 4. d4 exd4 5. Nxd4 Bc5 6. Nb3 Bb6 7. Bd3 d6 8.
Bg5 Bg4 9. Qd2 h6 10. Bh4 g5 11. Bg3 Qd7 12. h4 O-O-O 13. f3 Be6 14. O-O-O Nh5
15. Bf2 Nf4 16. Bxb6 axb6 17. Bb5 Qe7 18. g3 Ng6 19. Nd5 Bxd5 20. exd5 Nce5 21.
Nd4 gxh4 22. f4 Ng4 23. Qb4 Qe3+ 24. Kb1 c5 25. dxc6 Nf2 26. Rde1 Qxg3 27. Qc4
Nxh1 28. cxb7+ Kb8 29. Nc6+ Kxb7 30. Qxf7+ 1-0

[Event "e2e4.org.uk Bedford U2000"]
[Site "Park Inn Hotel, Bedford, Engla"]
[Date "2013.09.21"]
[Round "3"]
[White "Touchefeu, Aurelien"]
[Black "Shah, Dipak K"]
[Result "1-0"]
[WhiteElo "1940"]
[BlackElo "1892"]
[PlyCount "105"]
[EventDate "2013.??.??"]

1. d4 d5 2. c4 e6 3. Nc3 Nf6 4. cxd5 exd5 5. Bg5 Be7 6. e3 Bf5 7. Qb3 b6 8.
Bxf6 Bxf6 9. Qxd5 Qxd5 10. Nxd5 Bd8 11. Rc1 c6 12. Nc3 O-O 13. g3 a6 14. Bg2
Ra7 15. Nge2 b5 16. a3 a5 17. Ne4 Bb6 18. Nf4 Re7 19. Nc5 g5 20. Ne2 Bg4 21. f3
Be6 22. Nxe6 Rxe6 23. Kf2 Rfe8 24. Rc3 b4 25. axb4 axb4 26. Rb3 c5 27. Rc1 cxd4
28. Nxd4 Rxe3 29. Rxb4 Re2+ 30. Kf1 Bxd4 31. Rxd4 Rxb2 32. h4 h6 33. Bh3 Kg7
34. Kg1 Ree2 35. Bf1 Rf2 36. f4 g4 37. Rc3 h5 38. Rd8 Rfd2 39. Rxd2 Rxd2 40.
Rc8 Rb2 41. Rc7 Kg6 42. Bd3+ Kg7 43. Bc4 Rb1+ 44. Kf2 Rb2+ 45. Ke3 Rg2 46.
Rxf7+ Kg6 47. f5+ Kh6 48. Rf6+ Kh7 49. Kf4 Rc2 50. Be6 Nc6 51. Kg5 Nd4 52. Rh6+
Kg7 53. f6+ 1-0

[Event "e2e4.org.uk Bedford U2000"]
[Site "Park Inn Hotel, Bedford, Engla"]
[Date "2013.09.21"]
[Round "3"]
[White "Sagues, Vincent"]
[Black "Openshaw, David K"]
[Result "1/2-1/2"]
[WhiteElo "1893"]
[BlackElo "1918"]
[PlyCount "60"]
[EventDate "2013.??.??"]

1. e4 e6 2. d4 d5 3. Nd2 Nf6 4. e5 Nfd7 5. Bd3 c5 6. c3 Nc6 7. Ne2 cxd4 8. cxd4
f6 9. exf6 Nxf6 10. Nf3 Bd6 11. O-O Qc7 12. Nc3 a6 13. Bg5 O-O 14. Bh4 Nh5 15.
Rc1 g6 16. Bg3 Nxg3 17. hxg3 Qg7 18. Bb1 Bd7 19. Re1 Rae8 20. a3 Re7 21. Qd3 g5
22. Ne2 Be8 23. Qe3 h6 24. g4 Bg6 25. Bxg6 Qxg6 26. Ne5 Nxe5 27. dxe5 Bb8 28.
g3 Qg7 29. Nd4 Ba7 30. Qd2 Bxd4 1/2-1/2

[Event "e2e4.org.uk Bedford U2000"]
[Site "Park Inn Hotel, Bedford, Engla"]
[Date "2013.09.21"]
[Round "3"]
[White "O Gorman, Brendan"]
[Black "Ai, Farshad"]
[Result "0-1"]
[WhiteElo "1798"]
[BlackElo "1908"]
[PlyCount "156"]
[EventDate "2013.??.??"]

1. c4 c6 2. g3 d5 3. Bg2 Nf6 4. Nf3 Bg4 5. Ne5 Be6 6. d4 Nbd7 7. Nc3 dxc4 8.
O-O Nxe5 9. dxe5 Qxd1 10. Rxd1 Nd7 11. f4 g6 12. Be3 Bg7 13. Rac1 O-O 14. Ne4
h6 15. Nd2 Nb6 16. Bc5 Rfe8 17. a3 Rad8 18. Ne4 Bf8 19. Nc3 Kg7 20. a4 Ra8 21.
a5 Nd7 22. Be3 Rec8 23. Ne4 b5 24. axb6 axb6 25. Nd2 b5 26. Ra1 Bd5 27. Bh3 e6
28. Bf2 c5 29. e4 Bc6 30. Kf1 Rxa1 31. Rxa1 Ra8 32. Rxa8 Bxa8 33. Ke2 Be7 34.
Bg2 Kf8 35. Kd1 Ke8 36. Kc2 Kd8 37. Kc3 Kc7 38. Bf3 h5 39. g4 hxg4 40. Bxg4 Bc6
41. Bg3 Nb6 42. f5 Bd7 43. Nf3 Kd8 44. f6 Bf8 45. Ng5 Ke8 46. h4 Bh6 47. Bf4
Bxg5 48. Bxg5 Kd8 49. h5 gxh5 50. Bxh5 Be8 51. Be3 Na4+ 52. Kc2 Kc7 53. Be2 Kc6
54. Bd2 Nb6 55. Be1 Nd7 56. Bg3 Nb8 57. Kc3 Kb6 58. Bf2 Nc6 59. Bg3 Nd4 60. Kd2
Ka5 61. Bd1 Bc6 62. Bh5 Be8 63. Bd1 Kb4 64. Be1 Ka5 65. Kc1+ b4 66. Kb1 Nc6 67.
Bg3 Nd8 68. Bf2 Kb6 69. Kc2 Ba4+ 70. Kc1 Bxd1 71. Kxd1 Kb5 72. Kc2 Nc6 73. Bg3
Nd4+ 74. Kd2 Ka4 75. Bf2 Kb3 76. Kc1 c3 77. bxc3 Kxc3 78. Be1+ Kd3 0-1

[Event "e2e4.org.uk Bedford U2000"]
[Site "Park Inn Hotel, Bedford, Engla"]
[Date "2013.09.21"]
[Round "3"]
[White "Mumford, Robert"]
[Black "Wood, Peter R"]
[Result "1/2-1/2"]
[WhiteElo "1562"]
[BlackElo "1982"]
[PlyCount "121"]
[EventDate "2013.??.??"]

1. e4 e6 2. d4 d5 3. Nd2 Nc6 4. c3 e5 5. exd5 Qxd5 6. Ngf3 exd4 7. Bc4 Qh5 8.
Qe2+ Be7 9. cxd4 Nf6 10. Nf1 Bg4 11. Ng3 Qa5+ 12. Bd2 Qb6 13. O-O Nxd4 14.
Bxf7+ Kxf7 15. Qc4+ Be6 16. Qxd4 Qxd4 17. Nxd4 Bd7 18. Rfe1 Bc5 19. Nf3 Rhe8
20. Ne5+ Kg8 21. Nxd7 Nxd7 22. Kf1 Nf6 23. Rac1 Bb6 24. f3 Kf7 25. Rxe8 Rxe8
26. Re1 Rxe1+ 27. Kxe1 Bd4 28. b3 Be5 29. Kf2 Ke6 30. h3 c5 31. Ne2 Nd5 32. Nc1
Nc3 33. Ke3 b5 34. Kd3 Nd5 35. Ke4 Nf6+ 36. Kd3 Nd5 37. Ke4 c4 38. bxc4 bxc4
39. f4 c3 40. f5+ Kd6 41. Be1 Nb4 42. Nd3 Nxa2 43. Nxe5 c2 44. Nd3 c1=Q 45.
Nxc1 Nxc1 46. Bc3 Ne2 47. Be5+ Ke7 48. Ke3 Nc1 49. Bxg7 a5 50. Kd2 Nb3+ 51. Kc3
Nc1 52. Kc4 Kf7 53. Be5 a4 54. Bb2 Ne2 55. Kb4 Nf4 56. g4 Nxh3 57. Bd4 Ng5 58.
Kxa4 Nf3 59. Bc3 Nh2 60. g5 Nf3 61. g6+ 1/2-1/2

[Event "e2e4.org.uk Bedford U2000"]
[Site "Park Inn Hotel, Bedford, Engla"]
[Date "2013.09.21"]
[Round "3"]
[White "Panzhina, Jekaterina"]
[Black "McMahon, Paul"]
[Result "1/2-1/2"]
[WhiteElo "1866"]
[BlackElo "1981"]
[PlyCount "102"]
[EventDate "2013.??.??"]

1. d4 Nf6 2. c4 e5 3. dxe5 Ng4 4. Nf3 Nc6 5. Bg5 Be7 6. Bxe7 Qxe7 7. e3 Qb4+ 8.
Qd2 Ngxe5 9. Nxe5 Qxd2+ 10. Nxd2 Nxe5 11. Be2 d6 12. Nf3 Be6 13. b3 Ke7 14. Nd4
Bd7 15. h3 a6 16. O-O-O b5 17. f4 Ng6 18. Bf3 Rab8 19. cxb5 axb5 20. Bc6 Rb6
21. Bxd7 Kxd7 22. Nf5 Ne7 23. Nxe7 Kxe7 24. b4 Ra8 25. Rd2 Ra3 26. Re1 Rc6+ 27.
Kb2 Rca6 28. Kb1 R6a4 29. Rb2 Rc3 30. Rc1 Rxe3 31. Rxc7+ Ke6 32. f5+ Kf6 33.
Rd7 Re1+ 34. Kc2 Re2+ 35. Kc1 Rxb2 36. Kxb2 Rxb4+ 37. Kc3 Rc4+ 38. Kb3 Re4 39.
Rxd6+ Kxf5 40. g4+ Kg5 41. Rd5+ Kh4 42. Rh5+ Kg3 43. Rxh7 g5 44. Rh5 f6 45. Rh6
Rf4 46. Rh7 Kg2 47. Rh6 Kf3 48. Rh7 Kg3 49. Rh6 Kg2 50. Ka3 Rf3+ 51. Kb4 Rf2
1/2-1/2

[Event "e2e4.org.uk Bedford U2000"]
[Site "Park Inn Hotel, Bedford, Engla"]
[Date "2013.09.21"]
[Round "3"]
[White "Bowman, Richard L"]
[Black "Jacob, Sydney J"]
[Result "1/2-1/2"]
[WhiteElo "1968"]
[BlackElo "1904"]
[PlyCount "55"]
[EventDate "2013.??.??"]

1. d4 g6 2. c4 Bg7 3. Nc3 c5 4. d5 Bxc3+ 5. bxc3 Qa5 6. Qc2 d6 7. e4 f5 8. Bd3
Nd7 9. exf5 Ne5 10. fxg6 hxg6 11. Bxg6+ Kd8 12. Ne2 Nf6 13. Bf5 Qa6 14. Bxc8
Rxc8 15. Nf4 Qxc4 16. Qb3 b5 17. Qxc4 bxc4 18. Rb1 Kd7 19. f3 Rb8 20. Rxb8 Rxb8
21. Kd2 Rg8 22. Ke3 Nd3 23. Nxd3 Nxd5+ 24. Ke4 Nxc3+ 25. Ke3 Nd5+ 26. Ke4 Nc3+
27. Ke3 Nd5+ 28. Ke4 1/2-1/2